Pikmin Creatures - Statistics

General Stats
  • This quiz has been taken 58 times
  • The average score is 16 of 26
Answer Stats
Picture Answer % Correct
Bulborb
98%
Breadbug
90%
Bulbear
85%
Dwarf Bulborb
79%
Dwarf Bulbear
75%
Wollywog
71%
Fiery Blowhog
69%
Smoky Progg
67%
Beady Long Legs
65%
Emperor Bulblax
65%
Mamuta
65%
Goolix
63%
Female Sheargrub
60%
Male Sheargrub
60%
Yellow Wollywog
60%
Burrowing Snagret
58%
Water Dumple
58%
Armored Cannon Beetle
56%
Swooping Snitchbug
56%
Puffstool
54%
Puffy Blowhog
46%
Shearwig
46%
Honeywisp
42%
Wogpole
38%
Pearly Clamclamp
29%
Iridescent Flint Beetle
25%
No matching quizzes found
Score Distribution
Percent of People with Each Score
Percentile by Number Answered
Your Score History
You have not taken this quiz